000 00932nam a2200277 a 4500
001 62766
003 BD-RjUL
005 20211209081124.0
008 170125s1945 nyu 001 0 eng u
035 _a(BD-RjUL)62893
040 _cSDF
_dBD-RjUL
_aBD-RjUL
_beng
041 _aeng
082 _a808.042
_223
_bSHC 1945
100 1 _aShaw, Harry,
_d1905-1998
_9186563
245 1 2 _aA complete course in freshman English /
_cHarry Shaw, with the editorial coöperation of Douglas Bement and A. J. Bryan.
260 _aNew York :
_bHarper & brothers,
_cc1940.
300 _axi, 843 p. ;
_c25 cm.
500 _aIncludes index
650 0 _aEnglish language
_xRhetoric.
_9178378
650 0 _aAuthorship
_vHandbooks, manuals, etc.
_9186023
650 0 _aAmerican prose literature.
_9186564
700 1 _aBement, Douglas,
_d1898-
_9186565
700 1 _aBryan, A. J.
_q(Adolphus J.)
_9186566
942 _2ddc
_cBK
999 _c62766
_d62766